Companions and followers of Ramakrishna (Record no. 164190)

MARC details
000 -LEADER
fixed length control field 00540nam a2200181 4500
005 - DATE AND TIME OF LATEST TRANSACTION
control field 20190513170003.0
010 ## - LCCN (DPL NO)
LC control number ENG-125161
020 ## - INTERNATIONAL STANDARD BOOK NUMBER
International Standard Book Number 9788175053601
Terms of availability 220.00
035 ## - SYSTEM CONTROL NUMBER
System control number EN-108693
037 ## - SOURCE OF ACQUISITION
Source of stock number/acquisition DBAD/PUB
082 ## - DEWEY DECIMAL CLASSIFICATION NUMBER
Classification number 294.509
245 ## - TITLE STATEMENT
Title Companions and followers of Ramakrishna
260 ## - PUBLICATION, DISTRIBUTION, ETC. (IMPRINT)
Place of publication, distribution, etc Uttarakhand
Name of publisher, distributor, etc Advaita Ashrama
Date of publication, distribution, etc 2011
270 ## - ADDRESS
Address Advaita Ashram, Mayavati
City Champawat
Postal code 262524
Electronic mail address mail@advaitaashrama.org
300 ## - PHYSICAL DESCRIPTION
Extent 696p.
Dimensions 22cm(Hb)
500 ## - GENERAL NOTE
General note Includes index
942 ## - ADDED ENTRY ELEMENTS (KOHA)
Source of classification or shelving scheme Dewey Decimal Classification
Item type English Books
Classification part 294.509
Call number suffix COM
Holdings
Withdrawn status Lost status Not for loan Collection code Home library Current library Date acquired Source of acquisition Cost, normal purchase price Full call number Barcode Copy number Cost, replacement price Koha item type
    Not For Loan Non-fiction D.B.Act.Division Central Library 13/05/2019 DBAD/PUB 220.00 294.509 COM EN-108693 1 220.00 English Books

© Delhi Public Library
Hit Counter
free hit counter